000 00474nam a2200181Ia 4500
005 20250508151613.0
008 008 250505s9999 xx 000 0 eng d
037 _aTextual
040 _aFEDL
_beng
_cFEDL
041 _aeng
_2eng
084 _a883.1, HOM
_qFEDL
100 _aRieu E V
_974892
245 0 _aHomer the odyssey
260 _aNew York, USA
_bPenguin Books
_c1946
300 _a367p.
942 _cTEXL
_h883.1, HOM
999 _c1330898
_d1330898